000 00697cam a22002174a 4500
001 sa 68008214
003 DLC
005 20260227112530.0
008 940727s1967 ii 000 0 urdo
010 _asa 68008214
035 _a(OCoLC)30838324
040 _aDLC
_cDLC
_dDLC
050 0 0 _aPK2184
_b.G57 1967
245 0 0 _aG̲h̲uncah o gul :
_bqaṣāʼid, g̲h̲azaliyāt, manẓūmāt aur rubāʻiyāt : barāʼe niṣāb Bī. Ae. Urdū /
_cmurattibah Sayyid Mahmūdulḥasan.
260 _aLakhnaʼū :
_bAḥbāb Pablisharz,
_c1967.
300 _a176 p. ;
_c19 cm.
500 _aPoems.
546 _aIn Urdu.
650 0 _aUrdu poetry
_vTextbooks.
700 1 _aMaḥmūdulḥasan, Sayyid.
999 _c82315
_d82315